logo

Bir Sreshtho Munshi Abdur Rouf Library
Jhenaidah Cadet College

The Prince with the golden hair and king bird-head / (Record no. 7858)

MARC details
000 -LEADER
fixed length control field 00875nam a2200313 a 4500
001 - CONTROL NUMBER
JCCL Control Number 7858
003 - CONTROL NUMBER IDENTIFIER
JCCL marc code BD-JhCC
005 - DATE AND TIME OF LATEST TRANSACTION
control field 20180422113637.0
008 - FIXED-LENGTH DATA ELEMENTS--GENERAL INFORMATION
fixed length control field 180214s2006 ncua j g 000 1 eng d
020 ## - INTERNATIONAL STANDARD BOOK NUMBER
International Standard Book Number 1890424412
020 ## - INTERNATIONAL STANDARD BOOK NUMBER
International Standard Book Number 9781890424411
035 ## - SYSTEM CONTROL NUMBER
system control number (BD-JhCC)7858
035 ## - SYSTEM CONTROL NUMBER
system control number (OCoLC)64434040
040 ## - CATALOGING SOURCE
Original cataloging agency (BD-JhCC)
Transcribing agency NQM
Modifying agency BD-JhCC
041 ## - LANGUAGE CODE
Language code of Book eng
050 00 - LIBRARY OF CONGRESS CALL NUMBER
Classification number MLCS 2012/41647 (P)
082 ## - DEWEY DECIMAL CLASSIFICATION NUMBER
Classification number 823.09
Author mark and Year FAU 1959
100 1# - MAIN ENTRY--PERSONAL NAME
Personal name Faucett, Lawrence
245 14 - TITLE STATEMENT
Title The Prince with the golden hair and king bird-head /
Statement of responsibility, etc Lawrence Faucett,
250 ## - EDITION STATEMENT
Edition statement 1st ed.
260 ## - PUBLICATION, DISTRIBUTION, ETC. (IMPRINT)
Place of publication, distribution, etc London :
Name of publisher, distributor, etc Oxford University Press,
Date of publication, distribution, etc 1959
300 ## - PHYSICAL DESCRIPTION
Pagination 31 p. :
Other physical details ill. ;
Dimensions 19 cm.
500 ## - GENERAL NOTE
General note Cover design and artwork by Witt Wittmann.
650 #0 - SUBJECT ADDED ENTRY--TOPICAL TERM
Topical term or geographic name as entry element Fairy tales.
650 #0 - SUBJECT ADDED ENTRY--TOPICAL TERM
Topical term or geographic name as entry element Short Stories English
700 1# - ADDED ENTRY--PERSONAL NAME
Personal name Wittmann, Witt,
942 ## - ADDED ENTRY ELEMENTS (KOHA)
Source of classification or shelving scheme Dewey Decimal Classification
Koha item type Books
Holdings
Source of classification or shelving scheme Damaged status Not for loan Home library Current library Shelving location Date of accession Total Checkouts Full call number Barcode Date last seen Copy number Koha item type
Dewey Decimal Classification     JCC Rouf Library JCC Rouf Library General Stacks 02/14/2018   823.09 FAU 1959 10383 02/14/2018 C-1 Books

JCC Library | Contacts | JCC Home

Last Update on 23 September 2017
Copyright @ 2017-2020 JCC Rouf Library
Rouf Library, Jhenidah Cadet College (JCC), Bangladesh